Statistics for Country Shapes in the World Map - Chain Game #2

Click here to take the quiz!

General Stats

  • This quiz has been taken 1,858 times
  • The average score is 10 of 10

Answer Stats

Country % Correct
Spain
100%
Mongolia
100%
Belarus
98%
Bolivia
97%
Mexico
96%
Morocco
96%
Oman
96%
Philippines
95%
Tanzania
89%
New Zealand
88%

Score Distribution

Percentile by Number Answered

Percent of People with Each Score

Your Score History

You have not taken this quiz